000 00823nam a2200229Ii 4500
003 JO-AjNU
008 230605s9999||||xx |||||||||||||| ||und||
017 _a9496/2011
020 _a977-5677-70-X
040 _aJO-AjNU
_bara
_erda
_cJO-AjNU
041 _aara
050 1 4 _aKZ6471.S593.2011
100 3 _aصيام، سري، م.مشارك شريف عتلم,
_eauthor
_964433
245 0 0 _aالقانون الدولي الانساني وتطبيقاته في جمهورية مصر العربية
250 _aط1
264 3 1 _aالقاهرة: اللجنة الدولية للصليب الاحمر، 2011
300 _a165ص
336 _atext
_btxt
_2rdacontent
337 _aunmediated
_bn
_2rdamedia
338 _avolume
_bnc
_2rdacarrier
650 4 _aالقانون الدوالي الانساني-مصر
_964434
999 _aA29364
_c32932
_d32932